| 000 | 00385cam a22001097a 4500 | ||
|---|---|---|---|
| 008 | 180718b1967 xxu||||| |||| 00| 0 eng d | ||
| 082 | _aP x493 B411 | ||
| 245 |
_aEducation in Belgium : A Few basic elements _cBy Belgian information and dcumentation institute |
||
| 260 |
_aBrussels _bBelgian information and dcumentation institute _c1967 |
||
| 300 | _a12p. | ||
| 650 | _aEducation -- Belgium | ||
| 999 |
_c414077 _d414077 |
||